| 000 | 00439nam a2200181Ia 4500 | ||
|---|---|---|---|
| 005 | 20250425161722.0 | ||
| 008 | 250425s9999 xx 000 0 und d | ||
| 041 | _aeng | ||
| 082 | _a661.81 | ||
| 100 | _aSAGE, ANDREW P. | ||
| 245 | 0 | _aVOLUMETRIC AND PHASE BEHAVIOR OF HYDROCARBONS | |
| 250 | _a1ST ED. | ||
| 260 |
_aEstados Unidos _bGULF PUBLISHING _c1950 |
||
| 260 | _aHOUSTON | ||
| 300 | _a297 | ||
| 942 | _c01 | ||
| 010 | _a26557 | ||
| 999 |
_c214693 _d214693 |
||